| 000 | 01288nam a2200229Ia 4500 | ||
|---|---|---|---|
| 999 |
_c34464 _d34464 |
||
| 001 | 213 | ||
| 003 | GE_BSU | ||
| 005 | 20211005111432.0 | ||
| 008 | 181216s1987||||ge |||||||||||||| ||geo|| | ||
| 041 | _ageo | ||
| 080 | _a27-726.1(479.22)+001(479.22)+1(479.22) ა-29 | ||
| 100 |
_aავალიანი, სერგი _9356 |
||
| 245 |
_aანტონ პირველი.(ბაგრატიონი) : _bცხოვრება, მოღვაწეობა და ფილოსოფიური მსოფლმხედველობა / _c [რედ.: მ. ქავთარია] ; საქ. სსრ მეცნ. აკად., ფილოსოფიის ინ-ტი. |
||
| 264 |
_aთბილისი : _bმეცნიერება, _c1987. |
||
| 300 |
_a196 გვ.; _b21 სმ. |
||
| 653 | _aქართველი კათალიკოსები. | ||
| 653 | _aქართული ფილოსოფიის ისტორია. | ||
| 653 | _aქართველი მეცნიერები. | ||
| 700 |
_aქავთარია, მ. _eრედაქტორი _91179 |
||
| 710 |
_aსაქ. სსრ მეცნ. აკად., ფილოსოფიის ინ-ტი. _912580 |
||
| 942 |
_cBK _2udc |
||